NLSUI OPAC header image

Feasibility of legislating gender quotas in India – a critical and comparative analysis (Record no. 217513)

MARC details
000 -LEADER
fixed length control field 00496nam a2200133Ia 4500
005 - DATE AND TIME OF LATEST TRANSACTION
control field 20260209120145.0
008 - FIXED-LENGTH DATA ELEMENTS--GENERAL INFORMATION
fixed length control field 260209s9999||||xx |||||||||||||| ||und||
100 ## - MAIN ENTRY--PERSONAL NAME
Personal name Ruchi Sharma D
245 #0 - TITLE STATEMENT
Title Feasibility of legislating gender quotas in India – a critical and comparative analysis
260 ## - PUBLICATION, DISTRIBUTION, ETC.
Place of publication, distribution, etc. BangaloreBangalore
Name of publisher, distributor, etc. NLSIU, Bangalore
Date of publication, distribution, etc. 2021
300 ## - PHYSICAL DESCRIPTION
Extent 52 p. ; 25 cm.
700 ## - ADDED ENTRY--PERSONAL NAME
Personal name Dr. Aparna Chandra - GuideDr. Aparna Chandra - Guide
856 ## - ELECTRONIC LOCATION AND ACCESS
Uniform Resource Identifier <a href="https://dans.nls.ac.in/handle/123456789/912">https://dans.nls.ac.in/handle/123456789/912</a>
Holdings
Withdrawn status Lost status Damaged status Not for loan Home library Current library Date acquired Total Checkouts Barcode Date last seen Price effective from Koha item type
        . . 09.02.2026   LLM878 09.02.2026 09.02.2026 Dissertation